Hodnocení konkurenceschopnosti regionů České republiky v kontextu Lisabonské strategie

Teoretické východiská a možnosti merania regionálnej konkurencieschopnosti v podmienkach Európskej únie. Definícia a chápanie regionálnej konkurencieschopnosti. Prístupy k hodnotenie regionálnej konkurencieschopnosti. Štrukturálne ukazovatele ako nástroj hodnotenia regionálnej konkurencieschopnosti.

Gespeichert in:
Bibliographische Detailangaben
1. Verfasser: Melecký, Lukáš
Weitere Verfasser: Staníčková, Michaela
Format: Buchkapitel
Sprache:Tschechisch
Schlagworte:
Tags: Tag hinzufügen
Keine Tags, Fügen Sie das erste Tag hinzu!

MARC

LEADER 00000naa a2200000 4500
001 0143735
005 20231204073348.3
041 0 |a cze 
044 |a CZ 
245 1 0 |a Hodnocení konkurenceschopnosti regionů České republiky v kontextu Lisabonské strategie  |c Lukáš Melecký, Michaela Staníčková 
520 |a Teoretické východiská a možnosti merania regionálnej konkurencieschopnosti v podmienkach Európskej únie. Definícia a chápanie regionálnej konkurencieschopnosti. Prístupy k hodnotenie regionálnej konkurencieschopnosti. Štrukturálne ukazovatele ako nástroj hodnotenia regionálnej konkurencieschopnosti. 
610 2 0 |a konkurencieschopnosť 
610 2 0 |a Európska únia 
610 2 0 |a Česko 
610 2 0 |a politika regionálna 
610 2 0 |a meranie 
610 2 0 |a spolupráca medzinárodná 
100 1 |a Melecký, Lukáš 
700 1 |a Staníčková, Michaela